Využitie programu MATLAB na simuláciu vlastností rádiových kanálov.

Guardado en:
Detalles Bibliográficos
Autor principal: Gábor, Tomáš, 1983- (Autor)
Otros Autores: Podhoranský, Peter (Orientador)
Formato: Manuscrito Libro
Lenguaje:eslovaco
Publicado: Bratislava : STU v Bratislave FEI, 2010
Materias:
Acceso en línea:VAIS
Etiquetas: Agregar Etiqueta
Sin Etiquetas, Sea el primero en etiquetar este registro!

MARC

LEADER 00000ntm a22000003a 4500
001 stu209539
005 20160526113641.5
008 100818s2010------------------------slo-d
040 |a STU  |b slo 
041 0 |a slo 
100 1 |a Gábor, Tomáš,  |d 1983-  |4 aut  |u E  |T FEI Fakulta elektrotechniky a informatiky  |X 11455  |U E  |Y 30  |7 A000011455 
242 0 0 |a Using MATLAB for Simulation of Radio Channel Properties  |y eng 
245 1 |a Využitie programu MATLAB na simuláciu vlastností rádiových kanálov. 
260 |a Bratislava :  |b STU v Bratislave FEI,  |c 2010 
300 |a 81 s 
650 7 |a Rádioelektronika  |2 stusub 
650 7 |a MATLAB  |2 estusub 
650 7 |a simulácia a modelovanie  |2 stusub 
650 7 |a rádiové siete  |2 stusub 
700 1 |a Podhoranský, Peter  |4 ths  |u E030  |U FEI Fakulta elektrotechniky a informatiky  |T FEI Ústav elektroniky a fotoniky  |X 1906  |U E030  |Y 549  |7 A000001906 
856 4 |a info a plný text  |u http://is.stuba.sk/zp/portal_zp.pl?podrobnosti=60260  |3 VAIS